Semiótica crítica y crítica de la cultura

Saved in:
Bibliografiske detaljer
Hovedforfatter: González de Avila, Manuel (Author)
Format: Bog
Sprog:spansk
Udgivet: Barcelona Anthropos 2002
Udgivelse:1a. ed
Serier:Pensamiento Crítico. Pensamiento Utópico, 125
Fag:
Tags: Tilføj Tag
Ingen Tags, Vær først til at tagge denne postø!

MARC

LEADER 00000nam a2200000 a 4500
001 UCK3257
003 CL-VaPUC
008 050422e20020000SP |||||||||||||||||spa|d
020 |a 8476586310 
082 0 4 |a 306  |b GON  |2 21 
100 0 |a González de Avila, Manuel  |e author  |9 491322 
245 1 0 |a Semiótica crítica y crítica de la cultura 
250 |a 1a. ed 
300 |a 285 p 
942 |c BK 
945 |d 20050422 00:00:00  |a cmena 
260 |a Barcelona  |b Anthropos  |c 2002 
650 0 |a Antropología cultural y social   |9 265143 
650 0 |a Semiótica  |9 265317 
650 0 |a Análisis del discurso  |9 256696 
583 |a last modification  |c 20050422 00:00:00  |k Rodrigo Vera 
490 0 |a Pensamiento Crítico. Pensamiento Utópico, 125 
999 |c 312515  |d 312513 
952 |0 0  |1 0  |4 0  |6 306_000000000000000_GON_2002  |7 0  |8 A  |9 382928  |a BIBEDU  |b BIBEDU  |d 2019-11-21  |i 4114159  |o 306 GON 2002  |p 4114159  |r 2019-11-21  |w 2019-11-21  |y BK  |k LIT